Program with C++ (Record no. 34001)

MARC details
000 -LEADER
fixed length control field 00437nam a2200193Ia 4500
020 ## - INTERNATIONAL STANDARD BOOK NUMBER
ISBN 0070494886
050 ## - CALL MARK
Classification number QA 76.73 .C153 .R38/
100 ## - STATEMENT OF RESPONSIBILITY--MAIN AUTHOR NAME
Personal name Ravichandran, D.
245 #0 - TITLE STATEMENT
Title Program with C++
250 ## - EDITION / VOLUME STATEMENT
Edition / Volume statement 2nd ed.
260 ## - PUBLICATION, DISTRIBUTION, ETC. (IMPRINT)
Place of publication New Delhi
260 ## - PUBLICATION, DISTRIBUTION, ETC. (IMPRINT)
Name of publisher Tata McGraw Hill
260 ## - PUBLICATION, DISTRIBUTION, ETC. (IMPRINT)
Year of publication 1996
300 ## - PHYSICAL DESCRIPTION
Number of Pages 685 p
650 ## - SUBJECT ADDED ENTRY--TOPICAL TERM
Topical Term Computer
942 ## - ADDED ENTRY ELEMENTS (KOHA)
Koha item type Books
Holdings
Withdrawn status Lost status Source of classification or shelving scheme Damaged status Not for loan Permanent Location Current Location Shelving location Date acquired Accession Number Price effective from Koha item type
    Library of Congress Classification     NILE UNIVERSITY OF NIGERIA - MAIN LIBRARY NILE UNIVERSITY OF NIGERIA - MAIN LIBRARY Items on shelf 04/23/2025 0007273 04/23/2025 Books